000 00603cam a2200229u 4500
999 _c7707
_d7707
001 7707
003 BD-JhCC
005 20181006174416.0
008 821217s1960 nyua 000 0 eng
035 _a(BD-JhCC)7707
040 _aDLC
_cCarP
_dDLC
_dBD-JhCC
041 _aeng
050 0 0 _aQ161
_b.B224 1960
082 _bBAK 1960
_a372.4
100 1 _aBaker, Arthur O.
245 1 0 _aHere and away /
_cArthur O. Baker,
260 _aNew York,
_bRand McNally
_c[1960]
300 _a206 p.
_billus. (part col.)
_c23 cm.
650 0 _aLiterature--Study and teaching
942 _2ddc
_cBK